Southeast Asian Capitals - Map Quiz - Statistics

General Stats
  • This quiz has been taken 134 times
  • The average score is 9 of 11
Answers on the Map
Answers color-coded by a green-red scale on the quiz's map according to % correct below.
 
Answer Stats
Answer % Correct
Bangkok
92%
Phnom Penh
83%
Hanoi
81%
Manila
81%
Singapore
81%
Naypyidaw
80%
Bandar Seri Begawan
76%
Jakarta
75%
Dili
73%
Kuala Lumpur
73%
Vientiane
68%
No matching quizzes found
Score Distribution
Percent of People with Each Score
Percentile by Number Answered
Your Score History
You have not taken this quiz